Responses for Show #9006 - Monday, January 1, 2024

2023-2024 Second Chance competition week 2, final game 2.

Contestants

[<< previous game]

Christopher Pennant, a sports journalist and announcer from Chicago, Illinois (subtotal of $16,000)

Xanni Brown, a postdoctoral researcher originally from Cincinnati, Ohio (subtotal of $29,600)

Greg Czaja, a cardiologist from San Diego, California (subtotal of $35,200)

[next game >>]

Jeopardy! Round responses

HAUNTING LITERATURE
NATIVE AMERICANS
MOVIES BY GOOGLE SEARCH
(Ken: That might be made by a character in each film.)
PEOPLE
IT'S AN EX-CAR FOR A REASON
CROSSWORD CLUES "C"
    $200 30
(Greg: Who is Cratchit?)

Jacob Marley

GregChristopher
    $200 26
bears

Xanni
    $200 29
The Wizard of Oz

Greg
    $200 27
India

Christopher
    $200 19
Chevrolet (Chevy)

Greg
    $200 28
a cooler

Greg
    $400 5
The Shining

Christopher
    $400 25
lithium

Greg
    $400 14
The Hunger Games

Greg
    $400 24
Dianne Feinstein

Xanni
    $400 20
Ford

Christopher
    $3,800 16
Cavalier

Xanni
    $600 18
Wuthering Heights

Greg
    $600 17
the Medal of Honor

Greg
    $600 2
Bridesmaids

Christopher
    $600 8
Good Times

Christopher
    $600 22
the Grand Caravan

Christopher
    $600 11
a cheesemonger

Christopher
    $800 6
Forrest Gump

Christopher
    $800 1
the George Washington Bridge

Christopher
    $800 3
Shrek

Greg
    $800 9
Wolfgang Puck

Xanni
    $800 21
Pontiac

Greg
    $800 12
a censure

Christopher
    $1000 7
(Christopher: What is purgatory?)

the Bardo

XanniChristopher
    $1000 4
totem poles

Christopher
    $1000 13
Taxi Driver

Triple Stumper
    $1000 10
Maya Lin

Xanni
    $1000 23
(Greg: What is GMC?)
(Christopher: What is GEO?)

AMC (American Motors)

GregChristopher
Triple Stumper
    $1000 15
a cephalopod

Xanni

Scores at the first commercial break (after clue 15):

Greg Xanni Christopher
$1,200 $3,800 $4,600

Scores at the end of the Jeopardy! Round:

Greg Xanni Christopher
$3,000 $8,200 $5,000

Double Jeopardy! Round responses

RELIGION
TOUGH 7-LETTER WORDS
RETIRED
MISHEARD LYRICS
LONG TIME
KNOW SEA
    $400 30
karma

Xanni
    $400 14
a jaybird

Triple Stumper
    $400 24
the Boston Celtics

Greg
    $400 27
"Lucy In The Sky With Diamonds"

Greg
    $400 29
Monroe

Xanni
    $400 28
Italy

Greg
    $3,000 25
(Ken: Greg?)
(Greg: What is... Saturday?)
(Ken: No, I'm sorry, [*], just like the Norse, they use their thunder god.)

Thursday

Greg
    $800 26
an earmark

Xanni
    $800 23
(Ken: I, too, had forgotten [*].)

Rainforest Crunch

Triple Stumper
    $800 15
(Christopher: Never heard that one.)

Africa

Triple Stumper
    $800 19
Peace of God

Greg
    $6,200 20
the Caribbean Sea

Greg
    $1200 6
(Ken: Kami are the spirits in [*].)

Shinto

Triple Stumper
    $1200 21
abiotic

Triple Stumper
    $1200 7
umber

Triple Stumper
    $1200 16
(Ken: "Forever In Blue Jeans" by [*]. You guys are too good at hearing lyrics; you don't know the misheard ones.)

Neil Diamond

Triple Stumper
    $1200 10
the Stone Age

Xanni
    $1200 3
(Greg: What is the North Sea?)

the Baltic Sea

GregXanni
    $1600 4
original sin

Greg
    $1600 13
a garrote

Christopher
    $1600 8
(Greg: What is [*]?)
[Ken does not rule.]
(Greg: And... [**].)

(2 of) Endeavour, Discovery or Atlantis

Greg
    $1600 17
Kings of Leon

Christopher
    $1600 11
the Renaissance

Xanni
    $1600 1
(Christopher: What is Sri Lanka?)
(Greg: What is... Thailand?)

the Philippines

GregChristopher
Triple Stumper
    $2000 5
Rosh Hashanah

Greg
    $2000 22
ululate

Christopher
    $2000 9
Wilma

Triple Stumper
    $2000 18
(Xanni: Uh, what is "Just call me angel"?)
(Ken: No.)
(Xanni: Oh, "of the morning"?)
...
(Ken: I ruled against you before you could correct yourself, Xanni. "Angel Of The Morning" is the hit.)

"Just call me angel of the morning"

Xanni
Triple Stumper
    $2000 12
the Cultural Revolution

Xanni
    $2000 2
Weddell

Triple Stumper

Scores at the end of the Double Jeopardy! Round:

Greg Xanni Christopher
$10,600 $13,800 $8,600

[wagering suggestions for these scores]

Final Jeopardy! Round responses

LANDMARKS
(Ken: [To Greg] In Berlin, that is correct.)
ChristopherWhat is Big Ben?
$8,600
GregWhat is the Brandenberg Gate?
$0
XanniWhat is the Brandenburg Gate?
$13,800
the Brandenburg Gate

Final scores:

Greg Xanni Christopher
$10,600 $27,600 $0

Cumulative scores:

Greg Xanni Christopher
$45,800 $57,200 $16,000
1st runner-up: $20,000 Tournament champion: $35,000 + advance to the Champions Wildcard tournament 2nd runner-up: $10,000

Game dynamics:

Coryat scores:

Greg Xanni Christopher
$8,200 $10,400 $8,600
17 R
(including 1 DD),
5 W
(including 1 DD)
14 R
(including 1 DD),
1 W
15 R,
3 W

Combined Coryat: $27,200

[game clues] [game scores] [suggest correction]

Game tape date: 2023-11-29
The J! Archive is created by fans, for fans. Scraping, republication, monetization, and malicious use prohibited; this site may use cookies and collect identifying information. See terms. The Jeopardy! game show and all elements thereof, including but not limited to copyright and trademark thereto, are the property of Jeopardy Productions, Inc. and are protected under law. This website is not affiliated with, sponsored by, or operated by Jeopardy Productions, Inc. Join the discussion at JBoard.tv.